000 01262cab a2200325 4500
001 ABS48500
008 090401t1993 xxu||||| |||| 00| 0 eng d
035 _a(Sirsi) u67115
041 _aeng
100 _aCook, J.S.
245 _aTrespass into airspace
260 _c1993
350 _a0
490 _aAustralian Surveyor
_v38(1) March 1993, 32-38(7)
520 _aLooks at the question of high-lift crane passing through the airspace of neighbouring properties which can amount to trespass in common law. An aircraft however is not usually subject to trespass when it enters airspace above private property. Refers to Australian and English case law in order to distinguish between trespass and non-trespass discussing important implications for surveyors.
650 _aAIRCRAFT
650 _aAIRSPACE
650 _aAUSTRALIA
650 _aBENDAL PTY LTD V MIRVAC PROJECT PTY LTD
650 _aBERNSTEIN OF LEIGH(BARON) V SKYWAYS & GENERAL LTD
650 _aCASE LAW
650 _aCRANES
650 _aGRAHAM V KD MORRIS & SONS PTY LTD
650 _aTRESPASS
650 _aWOOLLERTON AND WILSON LTD V RICHARD COSTAIN LTD
690 _aPROPERTY LAW AND PRACTICE
700 _aHumphries, S.L.
942 _n0
948 _c04/03/1997
999 _c41989
_d41989